000 00308nam a2200121Ia 4500
008 230511s1967 xx 000 0 und d
041 _aeng
082 _a348.044
100 _aGopalakrishnan Rajagopala Iyer
245 _aSupreme Court Encyclopadia 1966
260 _c1967
906 _aSupreme Court Cases
999 _c353845
_d353845